000 00505nam a2200193 a 4500
005 20251015132801.0
008 121012s2005 ||||||||||||||||| || u
020 _a0071248277
040 _cCBULIB
050 _aQP 34.5 Gan
100 _aGanong, William F
245 1 0 _aReview of medical physiology. (22nd ed.)
_cbyWilliam F. Ganong
250 _a22nd ed.
260 _aBoston:
_bMcGraw-Hill
_c2005
300 _axii, 912p.: ill.
650 3 _aANATOMY
650 0 _aHUMAN PHYSIOLOGY
942 _c002
999 _c32619
_d32619